Caramelo 5 años: Educación Parvularia
Gespeichert in:
| Hauptverfasser: | , , |
|---|---|
| Format: | Buch |
| Sprache: | Spanisch |
| Veröffentlicht: |
Santiago
SM
2000
|
| Schlagworte: | |
| Tags: |
Tag hinzufügen
Keine Tags, Fügen Sie den ersten Tag hinzu!
|
MARC
| LEADER | 00000nam a2200000 a 4500 | ||
|---|---|---|---|
| 001 | UCL8065 | ||
| 003 | CL-VaPUC | ||
| 008 | 040611e20000000CL |||||||||||||||||spa|d | ||
| 020 | |a 956264037X | ||
| 082 | 0 | 4 | |a 372.21 |b CIU |2 21 |
| 100 | 0 | |a Ciurana Sans, Marta |e author |9 486024 | |
| 700 | 0 | |a González Cañedo, Adela Paz |e author |9 486025 | |
| 700 | 0 | |a Serrat Palou, María |e author |9 486026 | |
| 245 | 1 | 0 | |a Caramelo 5 años: Educación Parvularia |
| 246 | 1 | 4 | |a Una carta para Buco |
| 300 | |a 31 p | ||
| 942 | |c BK | ||
| 945 | |d 20040611 00:00:00 |a cmena | ||
| 260 | |a Santiago |b SM |c 2000 | ||
| 500 | |a Complementario con: 10 libros de cuentos, 1 lámina prepicada y libro de láminas | ||
| 650 | 0 | |a Educación preescolar |9 260381 | |
| 650 | 0 | |a Métodos de enseñanza |9 270413 | |
| 650 | 0 | |a Cuentos infantiles |9 308044 | |
| 583 | |a last modification |c 20040611 00:00:00 |k Rodrigo Vera | ||
| 999 | |c 309549 |d 309547 | ||
| 952 | |0 0 |1 0 |4 0 |6 372_210000000000000_CIU_2000 |7 0 |8 P |9 377066 |a BIBEDU |b BIBEDU |c BIBEDU_PB |d 2019-11-21 |i 3979113 |o 372.21 CIU 2000 |p 3979113 |r 2024-01-25 |w 2019-11-21 |y BK |k EPE | ||